[Event "Rio de Janeiro Fexerj"]
[Site "Rio de Janeiro"]
[Date "2007.11.27"]
[Round "4"]
[White "Cubas, Jose Fernando"]
[Black "Fier, Alexandr"]
[Result "1-0"]
[WhiteElo "2448"]
[BlackElo "2516"]
[PlyCount "83"]
[EventDate "2007.11.25"]
[EventType "tourn"]
[EventRounds "9"]
[EventCountry "BRA"]
[EventCategory "8"]
[SourceTitle "EXT 2009"]
[Source "ChessBase"]
[SourceDate "2008.11.26"]
[SourceVersion "1"]
[SourceVersionDate "2008.11.26"]
[SourceQuality "1"]

1. e4 e6 2. d4 d5 3. e5 c5 4. c3 Nc6 5. Nf3 Bd7 6. a3 f6 7. Bd3 Qc7 8. O-O
O-O-O 9. Qe2 c4 10. Bc2 fxe5 11. dxe5 Nh6 12. Re1 Nf7 13. Bf4 Be7 14. h4 Qb6
15. b3 cxb3 16. Bd3 h6 17. h5 Ng5 18. Nbd2 Nxf3+ 19. Qxf3 Rhf8 20. Qg3 Bc5 21.
Be3 Bxe3 22. Rxe3 Rf7 23. Rb1 Rdf8 24. Rxb3 Qc5 25. Nf3 Na5 26. Rb4 Nc6 27. Bg6
Re7 28. Qh4 Be8 29. Nd4 Bxg6 30. Nb3 Qxe3 31. fxe3 Be8 32. Rf4 Ref7 33. Nd4 Nd8
34. Qg3 Bd7 35. Kh2 a6 36. Rg4 Rg8 37. Rg6 Re7 38. Rxh6 Be8 39. Rh7 Nf7 40.
Rxg7 Rh8 41. Qh4 Kd7 42. g4 1-0

[Event "Rio de Janeiro Fexerj"]
[Site "Rio de Janeiro"]
[Date "2007.11.28"]
[Round "5"]
[White "Stamenkovic, Dragan"]
[Black "Cubas, Jose Fernando"]
[Result "1/2-1/2"]
[WhiteElo "2417"]
[BlackElo "2448"]
[PlyCount "54"]
[EventDate "2007.11.25"]
[EventType "tourn"]
[EventRounds "9"]
[EventCountry "BRA"]
[EventCategory "8"]
[SourceTitle "EXT 2009"]
[Source "ChessBase"]
[SourceDate "2008.11.26"]
[SourceVersion "1"]
[SourceVersionDate "2008.11.26"]
[SourceQuality "1"]

1. d4 d5 2. c4 c6 3. Nc3 Nf6 4. e3 a6 5. Nf3 b5 6. b3 Bg4 7. Be2 Nbd7 8. O-O
Qb8 9. Qc2 e6 10. e4 b4 11. e5 bxc3 12. exf6 Nxf6 13. Qxc3 Bb4 14. Qe3 Bxf3 15.
Qxf3 O-O 16. Bd3 e5 17. cxd5 cxd5 18. dxe5 Qxe5 19. Bf4 Qh5 20. Be2 Qf5 21. a3
Bc3 22. Rad1 d4 23. Bd6 Qa5 24. Bxf8 Rxf8 25. a4 Qb6 26. Bc4 a5 27. Rd3 Qd6
1/2-1/2

[Event "Rio de Janeiro Fexerj"]
[Site "Rio de Janeiro"]
[Date "2007.11.28"]
[Round "6"]
[White "Cubas, Jose Fernando"]
[Black "Santa Cruz, Arthur"]
[Result "1-0"]
[WhiteElo "2448"]
[BlackElo "2247"]
[PlyCount "65"]
[EventDate "2007.11.25"]
[EventType "tourn"]
[EventRounds "9"]
[EventCountry "BRA"]
[EventCategory "8"]
[SourceTitle "EXT 2009"]
[Source "ChessBase"]
[SourceDate "2008.11.26"]
[SourceVersion "1"]
[SourceVersionDate "2008.11.26"]
[SourceQuality "1"]

1. e4 c5 2. Nf3 Nc6 3. d4 cxd4 4. Nxd4 Nf6 5. Nc3 e5 6. Ndb5 d6 7. Bg5 a6 8.
Na3 b5 9. Bxf6 gxf6 10. Nd5 Bg7 11. c3 f5 12. exf5 Bxf5 13. Nc2 Ne7 14. Bd3
Nxd5 15. Bxf5 Ne7 16. Ne3 d5 17. Qg4 O-O 18. Rd1 b4 19. O-O bxc3 20. bxc3 a5
21. Be4 Qc7 22. Bxd5 Rab8 23. Bc4 Rbd8 24. h4 Kh8 25. Rxd8 Rxd8 26. Bxf7 Qxc3
27. Rd1 Rxd1+ 28. Qxd1 Bf6 29. g3 Kg7 30. Bb3 Qd4 31. Qh5 Qa1+ 32. Kg2 Ng6 33.
Qg4 1-0

[Event "Ciudad del Este Ingolotti Memorial"]
[Site "Ciudad del Este"]
[Date "2008.01.04"]
[Round "1"]
[White "Cubas, Jose Fernando"]
[Black "Soppe, Guillermo"]
[Result "1-0"]
[WhiteElo "2451"]
[BlackElo "2426"]
[PlyCount "89"]
[EventDate "2008.01.04"]
[EventType "tourn"]
[EventRounds "10"]
[EventCountry "PAR"]
[EventCategory "5"]
[SourceTitle "CBM 122 Extra"]
[Source "ChessBase"]
[SourceDate "2008.03.04"]
[SourceVersion "1"]
[SourceVersionDate "2008.03.04"]
[SourceQuality "1"]

1. e4 Nf6 2. e5 Nd5 3. d4 d6 4. c4 Nb6 5. exd6 exd6 6. Nf3 Be7 7. Bd3 Bg4 8.
Be3 Nc6 9. h3 Bh5 10. Nc3 Bf6 11. g4 Bg6 12. Bxg6 hxg6 13. b3 Qd7 14. g5 Be7
15. d5 Ne5 16. Nxe5 dxe5 17. c5 Rxh3 18. Rxh3 Qxh3 19. cxb6 axb6 20. Qd3 Qh1+
21. Qf1 Qf3 22. Qb5+ Kf8 23. Qc4 Qh1+ 24. Qf1 Qf3 25. Kd2 Ra5 26. Qh1 Qxh1 27.
Rxh1 Bb4 28. Rh8+ Ke7 29. Kd3 Bxc3 30. Kxc3 Rxa2 31. Rg8 Ra1 32. Rxg7 Rd1 33.
Kc4 b5+ 34. Kc5 Rd3 35. b4 Rd1 36. Rh7 Rd3 37. Rh4 Kd7 38. Re4 b6+ 39. Kxb5
Rxd5+ 40. Kc4 Kc6 41. f4 b5+ 42. Kc3 exf4 43. Rxf4 Rd7 44. Bc5 Rd5 45. Be7 1-0

[Event "Ciudad del Este Ingolotti Memorial"]
[Site "Ciudad del Este"]
[Date "2008.01.05"]
[Round "2"]
[White "Larrea, Manuel"]
[Black "Cubas, Jose Fernando"]
[Result "1-0"]
[WhiteElo "2342"]
[BlackElo "2451"]
[PlyCount "71"]
[EventDate "2008.01.04"]
[EventType "tourn"]
[EventRounds "10"]
[EventCountry "PAR"]
[EventCategory "5"]
[SourceTitle "CBM 122 Extra"]
[Source "ChessBase"]
[SourceDate "2008.03.04"]
[SourceVersion "1"]
[SourceVersionDate "2008.03.04"]
[SourceQuality "1"]

1. e4 e6 2. d3 d5 3. Nd2 c5 4. Ngf3 Nc6 5. g3 g6 6. Bg2 Bg7 7. O-O Nge7 8. Re1
b6 9. exd5 Nxd5 10. d4 cxd4 11. Nb3 Bb7 12. Nfxd4 Nxd4 13. Nxd4 Qd7 14. c4 Nb4
15. Nxe6 fxe6 16. Qxd7+ Kxd7 17. Bxb7 Rab8 18. Be4 Rbc8 19. Rd1+ Ke8 20. Bg5
Rf8 21. Rd6 Kf7 22. a3 Rxc4 23. axb4 Rxe4 24. Rxa7+ Kg8 25. Rdd7 Bxb2 26. Rxh7
b5 27. Be3 Re8 28. Bc5 g5 29. Rhb7 g4 30. Rxb5 Re1+ 31. Kg2 e5 32. Rb6 Bd4 33.
Rg6+ Kh8 34. Rxg4 Re2 35. Bxd4 exd4 36. Ra5 1-0

[Event "Ciudad del Este Ingolotti Memorial"]
[Site "Ciudad del Este"]
[Date "2008.01.06"]
[Round "4"]
[White "Cubas, Jose Fernando"]
[Black "Diaz Hollemaert, Nahuel Carlos"]
[Result "1/2-1/2"]
[WhiteElo "2451"]
[BlackElo "2429"]
[PlyCount "29"]
[EventDate "2008.01.04"]
[EventType "tourn"]
[EventRounds "10"]
[EventCountry "PAR"]
[EventCategory "5"]
[SourceTitle "CBM 122 Extra"]
[Source "ChessBase"]
[SourceDate "2008.03.04"]
[SourceVersion "1"]
[SourceVersionDate "2008.03.04"]
[SourceQuality "1"]

1. e4 g6 2. d4 d6 3. Nc3 a6 4. Be3 b5 5. Qd2 Bb7 6. f3 Nd7 7. h4 h5 8. Nh3 Bg7
9. Ng5 c5 10. dxc5 Nxc5 11. Bd4 Bf6 12. a3 Qb6 13. Rd1 Bxd4 14. Qxd4 Nf6 15.
Be2 1/2-1/2

[Event "Ciudad del Este Ingolotti Memorial"]
[Site "Ciudad del Este"]
[Date "2008.01.07"]
[Round "6"]
[White "Cubas, Jose Fernando"]
[Black "Larrea, Manuel"]
[Result "1/2-1/2"]
[WhiteElo "2451"]
[BlackElo "2342"]
[PlyCount "117"]
[EventDate "2008.01.04"]
[EventType "tourn"]
[EventRounds "10"]
[EventCountry "PAR"]
[EventCategory "5"]
[SourceTitle "CBM 122 Extra"]
[Source "ChessBase"]
[SourceDate "2008.03.04"]
[SourceVersion "1"]
[SourceVersionDate "2008.03.04"]
[SourceQuality "1"]

1. e4 c5 2. Nf3 Nc6 3. d4 cxd4 4. Nxd4 Nf6 5. Nc3 d6 6. f3 e5 7. Nb3 Be7 8. Be3
O-O 9. Qd2 a5 10. Bb5 Be6 11. Rd1 Na7 12. Be2 Nc8 13. Qc1 a4 14. Nc5 Qc7 15.
N5xa4 d5 16. exd5 Bd7 17. b3 Bxa4 18. Nxa4 b5 19. Bxb5 Qa5+ 20. Qd2 Qxb5 21. c4
Qa6 22. O-O Rd8 23. Qc3 Nd6 24. c5 Nf5 25. d6 Bf8 26. Bf2 e4 27. fxe4 Nxe4 28.
Qf3 Nxf2 29. Rxf2 g6 30. g4 Nh6 31. h3 Rac8 32. Qd5 Qb5 33. Kg2 Rc6 34. Rdf1
Rcxd6 35. Qe4 Rd4 36. Qe2 Qc6+ 37. Qf3 Qxf3+ 38. Rxf3 f5 39. c6 fxg4 40. hxg4
Rd2+ 41. Kh3 Bd6 42. R1f2 Rxf2 43. Rxf2 Nf7 44. Rc2 Ng5+ 45. Kg2 Ne6 46. Nb6
Bc7 47. Nd7 Kg7 48. Rc4 Nf4+ 49. Kf3 Nd5 50. b4 Re8 51. b5 Re3+ 52. Kf2 Ra3 53.
Rc2 Rh3 54. Rc5 Nb6 55. Kg2 Rh2+ 56. Kf1 Rh1+ 57. Ke2 Rh2+ 58. Kd3 Rh3+ 59. Kc2
1/2-1/2

[Event "Ciudad del Este Ingolotti Memorial"]
[Site "Ciudad del Este"]
[Date "2008.01.07"]
[Round "7"]
[White "Soppe, Guillermo"]
[Black "Cubas, Jose Fernando"]
[Result "1/2-1/2"]
[WhiteElo "2426"]
[BlackElo "2451"]
[PlyCount "30"]
[EventDate "2008.01.04"]
[EventType "tourn"]
[EventRounds "10"]
[EventCountry "PAR"]
[EventCategory "5"]
[SourceTitle "CBM 122 Extra"]
[Source "ChessBase"]
[SourceDate "2008.03.04"]
[SourceVersion "1"]
[SourceVersionDate "2008.03.04"]
[SourceQuality "1"]

1. d4 d5 2. c4 c6 3. Nf3 Nf6 4. e3 a6 5. Bd3 e6 6. b3 c5 7. O-O Nc6 8. Bb2 Be7
9. Nbd2 O-O 10. Rc1 b6 11. Qe2 Bb7 12. Rfd1 cxd4 13. exd4 Nd7 14. Nf1 Re8 15.
Ne3 Bd6 1/2-1/2

[Event "Ciudad del Este Ingolotti Memorial"]
[Site "Ciudad del Este"]
[Date "2008.01.08"]
[Round "9"]
[White "Patriarca, Luis"]
[Black "Cubas, Jose Fernando"]
[Result "1/2-1/2"]
[WhiteElo "2314"]
[BlackElo "2451"]
[PlyCount "66"]
[EventDate "2008.01.04"]
[EventType "tourn"]
[EventRounds "10"]
[EventCountry "PAR"]
[EventCategory "5"]
[SourceTitle "CBM 122 Extra"]
[Source "ChessBase"]
[SourceDate "2008.03.04"]
[SourceVersion "1"]
[SourceVersionDate "2008.03.04"]
[SourceQuality "1"]

1. d4 d5 2. c4 Nc6 3. Nf3 Bg4 4. e3 e6 5. Nc3 Nf6 6. cxd5 exd5 7. h3 Bxf3 8.
Qxf3 Bb4 9. Bd2 O-O 10. Bd3 Re8 11. O-O-O a5 12. g4 Bxc3 13. Bxc3 Ne4 14. Kb1
Nb4 15. Bxb4 axb4 16. Bc2 Re6 17. Qg2 Rea6 18. Bb3 b5 19. f3 Nd6 20. Qd2 Nc4
21. Qxb4 Nxe3 22. Rde1 Qg5 23. Rh2 Qg6+ 24. Ka1 Re6 25. Rhe2 Qg5 26. Qc3 Rae8
27. Qxc7 h5 28. a3 Qf6 29. Ka2 h4 30. f4 Qxd4 31. f5 Re4 32. Qc1 Qe5 33. Qc6
Ng2 1/2-1/2

[Event "Ciudad del Este Ingolotti Memorial"]
[Site "Ciudad del Este"]
[Date "2008.01.09"]
[Round "10"]
[White "Cubas, Jose Fernando"]
[Black "Valiente, Cristobal"]
[Result "1/2-1/2"]
[WhiteElo "2451"]
[BlackElo "2273"]
[PlyCount "34"]
[EventDate "2008.01.04"]
[EventType "tourn"]
[EventRounds "10"]
[EventCountry "PAR"]
[EventCategory "5"]
[SourceTitle "CBM 122 Extra"]
[Source "ChessBase"]
[SourceDate "2008.03.04"]
[SourceVersion "1"]
[SourceVersionDate "2008.03.04"]
[SourceQuality "1"]

1. e4 c6 2. d4 d5 3. e5 Bf5 4. Nf3 e6 5. Be2 Ne7 6. O-O Bg4 7. Nbd2 Nf5 8. c3
Be7 9. Nb3 Nd7 10. h3 Bxf3 11. Bxf3 O-O 12. Bg4 Re8 13. Be2 f6 14. g4 Nh4 15.
f4 fxe5 16. fxe5 Bg5 17. Bxg5 Qxg5 1/2-1/2

[Event "Mar del Plata op 39th"]
[Site "Mar del Plata"]
[Date "2008.03.15"]
[Round "1"]
[White "Cubas, Jose Fernando"]
[Black "Hernandez, Luis1"]
[Result "1-0"]
[WhiteElo "2451"]
[BlackElo "1922"]
[PlyCount "105"]
[EventDate "2008.03.15"]
[EventType "swiss"]
[EventRounds "9"]
[EventCountry "ARG"]
[SourceTitle "CBM 123 Extra"]
[Source "ChessBase"]
[SourceDate "2008.05.06"]
[SourceVersion "1"]
[SourceVersionDate "2008.05.06"]
[SourceQuality "1"]

1. e4 e5 2. Nf3 Nc6 3. Bc4 Nf6 4. d3 Bc5 5. c3 d6 6. Bb3 O-O 7. h3 Bb6 8. Nbd2
a6 9. Nf1 d5 10. Qe2 h6 11. Ng3 Re8 12. Nh2 Be6 13. Ng4 dxe4 14. dxe4 Na5 15.
Bc2 Nh7 16. h4 Nc4 17. Nf5 h5 18. Nge3 Nxe3 19. Bxe3 Bxe3 20. Nxe3 g6 21. Bb3
Bxb3 22. axb3 Nf6 23. Nc4 Qd7 24. f3 Qb5 25. b4 b6 26. Ne3 c5 27. bxc5 Qxc5 28.
Kf2 Red8 29. Rhd1 a5 30. Qc4 Rxd1 31. Qxc5 bxc5 32. Rxd1 Rb8 33. Nc4 Rb7 34.
Ra1 Nd7 35. Rxa5 Kf8 36. Ke2 Ke7 37. Kd3 f6 38. Kc2 Rc7 39. Ne3 Rc6 40. Nd5+
Ke6 41. Ra8 Kf7 42. b3 Rd6 43. b4 g5 44. hxg5 fxg5 45. b5 h4 46. Ra6 Rg6 47.
Kb3 g4 48. fxg4 Rxg4 49. Ra7 Ke6 50. Rxd7 Rxe4 51. Rd8 c4+ 52. Kb4 Re2 53. Nf4+
1-0

[Event "Mar del Plata op 39th"]
[Site "Mar del Plata"]
[Date "2008.03.16"]
[Round "2"]
[White "Fell, Sebastian"]
[Black "Cubas, Jose Fernando"]
[Result "0-1"]
[WhiteElo "2129"]
[BlackElo "2451"]
[PlyCount "122"]
[EventDate "2008.03.15"]
[EventType "swiss"]
[EventRounds "9"]
[EventCountry "ARG"]
[SourceTitle "CBM 123 Extra"]
[Source "ChessBase"]
[SourceDate "2008.05.06"]
[SourceVersion "1"]
[SourceVersionDate "2008.05.06"]
[SourceQuality "1"]

1. e4 e6 2. d4 d5 3. Nc3 Nf6 4. Bg5 Be7 5. e5 Nfd7 6. Bxe7 Qxe7 7. Nb5 Nb6 8.
c3 a6 9. Na3 c5 10. f4 Nc6 11. Nf3 cxd4 12. Nxd4 O-O 13. Be2 f6 14. exf6 Rxf6
15. O-O Bd7 16. Nac2 Raf8 17. Qd2 Qd6 18. g3 e5 19. Nxc6 Bxc6 20. fxe5 Qxe5 21.
Nd4 Be8 22. Rae1 Qd6 23. Rxf6 Qxf6 24. Rf1 Qe5 25. Rxf8+ Kxf8 26. Qf4+ Qxf4 27.
gxf4 Na4 28. Bg4 a5 29. Bc8 b6 30. Ne6+ Kf7 31. Kf2 Nxb2 32. Ke3 Nc4+ 33. Kd4
Nd6 34. Ng5+ Ke7 35. Bh3 Nb5+ 36. Kd3 Kd6 37. f5 Na3 38. Nxh7 Bb5+ 39. Kd2 Ke5
40. Ng5 Nc4+ 41. Kc1 Nd6 42. Ne6 Ne8 43. Kd2 Bd7 44. Nd4 Nd6 45. Ke3 Ne4 46. f6
Nxf6 47. Nf3+ Kd6 48. Bxd7 Nxd7 49. Kd4 Nc5 50. Nh4 Ne6+ 51. Ke3 Kc5 52. Nf5
Kc4 53. Kd2 a4 54. Ne3+ Kc5 55. Kc2 b5 56. Kb2 Ng5 57. Nf5 Nf3 58. Nxg7 Kc4 59.
Nf5 Nxh2 60. Nd6+ Kc5 61. Ka3 Kxd6 0-1

[Event "Mar del Plata op 39th"]
[Site "Mar del Plata"]
[Date "2008.03.16"]
[Round "3"]
[White "Cubas, Jose Fernando"]
[Black "Aguilar, Andres"]
[Result "1-0"]
[WhiteElo "2451"]
[BlackElo "2248"]
[PlyCount "85"]
[EventDate "2008.03.15"]
[EventType "swiss"]
[EventRounds "9"]
[EventCountry "ARG"]
[SourceTitle "CBM 123 Extra"]
[Source "ChessBase"]
[SourceDate "2008.05.06"]
[SourceVersion "1"]
[SourceVersionDate "2008.05.06"]
[SourceQuality "1"]

1. e4 c5 2. Nf3 Nc6 3. d4 cxd4 4. Nxd4 Nf6 5. Nc3 d6 6. f3 e5 7. Nb3 Be7 8. Be3
O-O 9. Qd2 a5 10. Bb5 Na7 11. Bd3 Nc6 12. a3 a4 13. Nc1 Be6 14. N1e2 d5 15.
exd5 Nxd5 16. Nxd5 Qxd5 17. Nc3 Qa5 18. Qf2 Rac8 19. O-O f5 20. Bb6 Qa8 21. Qe2
Bd8 22. Bf2 Bf6 23. Bc4 Nd4 24. Bxe6+ Nxe6 25. Nd5 Qa5 26. Rad1 Nd4 27. Nxf6+
Rxf6 28. Bxd4 exd4 29. Rxd4 Qb6 30. c3 Rd8 31. Qc4+ Kh8 32. Rfd1 h6 33. h4 Rfd6
34. Qxa4 Rg6 35. R1d2 Re6 36. Qb4 Qa7 37. Rd1 Rde8 38. Qc4 Qb6 39. b4 Re2 40.
Qf7 Qb5 41. c4 Qe5 42. Qxe8+ Qxe8 43. Rd8 1-0

[Event "Mar del Plata op 39th"]
[Site "Mar del Plata"]
[Date "2008.03.17"]
[Round "4"]
[White "Perdomo, Carlos Andres"]
[Black "Cubas, Jose Fernando"]
[Result "0-1"]
[WhiteElo "2351"]
[BlackElo "2451"]
[PlyCount "61"]
[EventDate "2008.03.15"]
[EventType "swiss"]
[EventRounds "9"]
[EventCountry "ARG"]
[SourceTitle "CBM 123 Extra"]
[Source "ChessBase"]
[SourceDate "2008.05.06"]
[SourceVersion "1"]
[SourceVersionDate "2008.05.06"]
[SourceQuality "1"]

1. Nf3 d5 2. d4 Nf6 3. c4 e6 4. Nc3 Nbd7 5. cxd5 exd5 6. Bg5 Bb4 7. e3 c5 8.
Bxf6 Nxf6 9. Bb5+ Kf8 10. Bd3 c4 11. Bc2 Bg4 12. h3 Bh5 13. Qd2 Bxf3 14. gxf3
Qe7 15. Kf1 g6 16. Bd1 Kg7 17. Qc2 Bxc3 18. bxc3 b5 19. h4 a5 20. Rg1 Rhb8 21.
Rg5 Qa3 22. Qc1 Qd6 23. f4 Ne4 24. Rg1 b4 25. cxb4 axb4 26. h5 b3 27. axb3 cxb3
28. Rb1 Rc8 29. h6+ Kf6 30. Qb2 Ra2 31. f3 0-1

[Event "Mar del Plata op 39th"]
[Site "Mar del Plata"]
[Date "2008.03.19"]
[Round "6"]
[White "Goldwaser, Christian"]
[Black "Cubas, Jose Fernando"]
[Result "1/2-1/2"]
[WhiteElo "2350"]
[BlackElo "2451"]
[PlyCount "82"]
[EventDate "2008.03.15"]
[EventType "swiss"]
[EventRounds "9"]
[EventCountry "ARG"]
[SourceTitle "CBM 123 Extra"]
[Source "ChessBase"]
[SourceDate "2008.05.06"]
[SourceVersion "1"]
[SourceVersionDate "2008.05.06"]
[SourceQuality "1"]

1. Nf3 d5 2. d4 Nf6 3. c4 c6 4. Nc3 a6 5. Ne5 Nbd7 6. Bf4 dxc4 7. Nxc4 b5 8.
Ne5 Bb7 9. e3 e6 10. Qf3 Ra7 11. Nxd7 Qxd7 12. Be5 Nd5 13. Nxd5 exd5 14. Bd3
Bb4+ 15. Ke2 O-O 16. Qh5 g6 17. Qh4 Re8 18. Qf6 Rxe5 19. Qxe5 Bd6 20. Qf6 Ra8
21. h4 h5 22. Rag1 Be7 23. Qf4 Bd6 24. Qg5 Be7 25. Qg3 Bd6 26. Qf3 f5 27. Rc1
Re8 28. g3 Qg7 29. Kf1 Re6 30. a4 Bf8 31. Kg2 c5 32. dxc5 Bc6 33. axb5 axb5 34.
Qd1 d4+ 35. Kh3 dxe3 36. Qb3 Qf7 37. fxe3 Bxh1 38. Rxh1 Rxe3 39. Qxf7+ Kxf7 40.
Bxb5 Bxc5 41. Rd1 f4 1/2-1/2

[Event "Mar del Plata op 39th"]
[Site "Mar del Plata"]
[Date "2008.03.20"]
[Round "7"]
[White "Cubas, Jose Fernando"]
[Black "Roselli Mailhe, Bernardo"]
[Result "1/2-1/2"]
[WhiteElo "2451"]
[BlackElo "2420"]
[PlyCount "54"]
[EventDate "2008.03.15"]
[EventType "swiss"]
[EventRounds "9"]
[EventCountry "ARG"]
[SourceTitle "CBM 123 Extra"]
[Source "ChessBase"]
[SourceDate "2008.05.06"]
[SourceVersion "1"]
[SourceVersionDate "2008.05.06"]
[SourceQuality "1"]

1. e4 e6 2. d4 d5 3. e5 b6 4. Nf3 Qd7 5. c4 dxc4 6. Bxc4 Bb7 7. O-O Ne7 8. Nc3
Na6 9. Be3 O-O-O 10. Qe2 Nb4 11. Rfc1 Kb8 12. Bg5 h6 13. Bxe7 Bxe7 14. a3 Nd5
15. Nxd5 Bxd5 16. Bxd5 Qxd5 17. Rc4 Rd7 18. Rac1 Rhd8 19. Qc2 Qb7 20. a4 Rc8
21. b4 Qd5 22. b5 Kb7 23. Ne1 h5 24. Nd3 h4 25. Rb1 Qe4 26. Qc3 c5 27. bxc6+
Rxc6 1/2-1/2

[Event "Mar del Plata op 39th"]
[Site "Mar del Plata"]
[Date "2008.03.22"]
[Round "9"]
[White "Cubas, Jose Fernando"]
[Black "Tristan, Leonardo"]
[Result "0-1"]
[WhiteElo "2451"]
[BlackElo "2345"]
[PlyCount "78"]
[EventDate "2008.03.15"]
[EventType "swiss"]
[EventRounds "9"]
[EventCountry "ARG"]
[SourceTitle "CBM 123 Extra"]
[Source "ChessBase"]
[SourceDate "2008.05.06"]
[SourceVersion "1"]
[SourceVersionDate "2008.05.06"]
[SourceQuality "1"]

1. e4 d5 2. exd5 Qxd5 3. Nc3 Qa5 4. d4 Nf6 5. Bc4 c6 6. Nf3 Bf5 7. Bd2 e6 8.
Nd5 Qd8 9. Nxf6+ Qxf6 10. Qe2 Nd7 11. Bg5 Qg6 12. d5 cxd5 13. Bb5 Bd6 14. h4 f6
15. Rd1 O-O 16. Bxd7 fxg5 17. hxg5 Be4 18. Nd4 e5 19. Nf3 Rf4 20. Qb5 a6 21.
Qb3 Qf7 22. Bh3 Rd8 23. Nd2 Bg6 24. Qb6 Qe7 25. g3 Rb4 26. Qa5 Rb5 27. Qc3 Bb4
28. Qe3 d4 29. Qe2 Bxc2 30. Rc1 d3 31. Qg4 e4 32. Qe6+ Kf8 33. Qxe7+ Bxe7 34.
Bg2 Bxg5 35. Bxe4 Re8 36. f4 Bf6 37. Kf2 Bxb2 38. Rce1 Bc3 39. Rh2 Bxd2 0-1

[Event "Pinamar ITT Cinco Soles"]
[Site "Pinamar"]
[Date "2008.03.26"]
[Round "2"]
[White "Cubas, Jose Fernando"]
[Black "Walsh, Hector"]
[Result "1-0"]
[WhiteElo "2451"]
[BlackElo "2135"]
[PlyCount "79"]
[EventDate "2008.03.25"]
[EventType "tourn"]
[EventRounds "9"]
[EventCountry "ARG"]
[EventCategory "4"]
[SourceTitle "CBM 123 Extra"]
[Source "ChessBase"]
[SourceDate "2008.05.06"]
[SourceVersion "1"]
[SourceVersionDate "2008.05.06"]
[SourceQuality "1"]

1. e4 c5 2. Nf3 d6 3. Bc4 Nc6 4. d3 g6 5. c3 Bg7 6. Bb3 e6 7. Nbd2 Nge7 8. Nf1
O-O 9. h4 d5 10. Qe2 h5 11. Ng3 dxe4 12. dxe4 b5 13. Nxh5 c4 14. Nxg7 Kxg7 15.
Bc2 e5 16. a4 b4 17. Qxc4 a5 18. Qe2 f5 19. exf5 bxc3 20. Qe3 Nxf5 21. Bxf5
Bxf5 22. bxc3 Ra7 23. O-O e4 24. Ng5 Rd7 25. c4 Kg8 26. Bb2 Rd3 27. Qc5 Nd4 28.
Bxd4 Rxd4 29. Qa7 Rd7 30. Qa6 Rf6 31. Qb5 Rfd6 32. c5 Rd4 33. c6 Rb4 34. Qc5
Rc7 35. Rfd1 Qf6 36. Qxa5 Qe7 37. Re1 Rxc6 38. Qd5+ Re6 39. a5 Rb2 40. Nxe6 1-0

[Event "Pinamar ITT Cinco Soles"]
[Site "Pinamar"]
[Date "2008.03.28"]
[Round "4"]
[White "Cubas, Jose Fernando"]
[Black "Fusco, Leonardo"]
[Result "1/2-1/2"]
[WhiteElo "2451"]
[BlackElo "2313"]
[PlyCount "89"]
[EventDate "2008.03.25"]
[EventType "tourn"]
[EventRounds "9"]
[EventCountry "ARG"]
[EventCategory "4"]
[SourceTitle "CBM 123 Extra"]
[Source "ChessBase"]
[SourceDate "2008.05.06"]
[SourceVersion "1"]
[SourceVersionDate "2008.05.06"]
[SourceQuality "1"]

1. e4 c5 2. Nf3 d6 3. d4 cxd4 4. Nxd4 Nf6 5. Nc3 a6 6. f4 e5 7. Nf3 Nbd7 8. a4
Be7 9. Bd3 O-O 10. O-O exf4 11. Kh1 Nc5 12. Bxf4 Bg4 13. Be3 Rc8 14. a5 Re8 15.
Qd2 Nxd3 16. cxd3 Bxf3 17. gxf3 d5 18. Qf2 dxe4 19. dxe4 Bd6 20. Rad1 Qc7 21.
Bg5 Be5 22. Bxf6 Bxf6 23. Nd5 Qe5 24. Qg2 Bd8 25. Rg1 g6 26. b4 Rc4 27. Qe2 Rd4
28. Rxd4 Qxd4 29. Rd1 Qe5 30. Qc4 Qh5 31. Qd3 Qh3 32. Nf4 Qh4 33. Qd7 Kf8 34.
Nd5 Qf2 35. Qh3 Bg5 36. Rg1 Bd8 37. Rg4 Qe1+ 38. Rg1 Qe2 39. Qg2 Qxg2+ 40. Kxg2
Be7 41. Rb1 Rd8 42. Kf2 Bd6 43. h3 g5 44. Ke3 Kg7 45. Kd4 1/2-1/2

[Event "Pinamar ITT Cinco Soles"]
[Site "Pinamar"]
[Date "2008.03.29"]
[Round "5"]
[White "Cornejo, Max"]
[Black "Cubas, Jose Fernando"]
[Result "1/2-1/2"]
[WhiteElo "2338"]
[BlackElo "2451"]
[PlyCount "81"]
[EventDate "2008.03.25"]
[EventType "tourn"]
[EventRounds "9"]
[EventCountry "ARG"]
[EventCategory "4"]
[SourceTitle "CBM 123 Extra"]
[Source "ChessBase"]
[SourceDate "2008.05.06"]
[SourceVersion "1"]
[SourceVersionDate "2008.05.06"]
[SourceQuality "1"]

1. e4 e6 2. d4 d5 3. exd5 exd5 4. Bd3 Nc6 5. c3 Bd6 6. Qf3 Be6 7. Bf4 Bxf4 8.
Qxf4 Qd7 9. Nd2 Nge7 10. Nb3 b6 11. Nf3 f6 12. O-O Ng6 13. Qg3 Nce7 14. Rfe1
O-O 15. Nh4 Bf7 16. Nd2 Nxh4 17. Qxh4 Bg6 18. Qg3 Rae8 19. Nf1 Bxd3 20. Qxd3
Nf5 21. b3 g6 22. Ng3 Nxg3 23. hxg3 Kg7 24. Kf1 a5 25. Rac1 Rf7 26. Rxe8 Qxe8
27. Re1 Re7 28. Rxe7+ Qxe7 29. c4 dxc4 30. Qxc4 Kh6 31. Qc1+ g5 32. Qc6 Kg7 33.
g4 Kg6 34. g3 Qd6 35. Qe4+ Kg7 36. Qe8 c6 37. Kg2 b5 38. Kf1 a4 39. bxa4 bxa4
40. Ke2 Qxd4 41. Qe7+ 1/2-1/2

[Event "Pinamar ITT Cinco Soles"]
[Site "Pinamar"]
[Date "2008.03.30"]
[Round "6"]
[White "Hobaica, Juan Pablo"]
[Black "Cubas, Jose Fernando"]
[Result "1-0"]
[WhiteElo "2424"]
[BlackElo "2451"]
[PlyCount "113"]
[EventDate "2008.03.25"]
[EventType "tourn"]
[EventRounds "9"]
[EventCountry "ARG"]
[EventCategory "4"]
[SourceTitle "CBM 123 Extra"]
[Source "ChessBase"]
[SourceDate "2008.05.06"]
[SourceVersion "1"]
[SourceVersionDate "2008.05.06"]
[SourceQuality "1"]

1. d4 d5 2. c4 c6 3. Nf3 Nf6 4. Nc3 a6 5. c5 Bf5 6. Bf4 Nbd7 7. e3 g6 8. h3 Bg7
9. Bd3 Bxd3 10. Qxd3 O-O 11. O-O b6 12. b4 bxc5 13. bxc5 Qa5 14. Qd2 Kh8 15.
Rab1 Ra7 16. Rb3 Ne8 17. e4 dxe4 18. Nxe4 Qxd2 19. Nexd2 Nc7 20. Bxc7 Rxc7 21.
Rfb1 e5 22. Rb7 Rxb7 23. Rxb7 Rd8 24. dxe5 Bxe5 25. g3 Bg7 26. Nb3 Bf8 27. Nbd4
Ne5 28. Nxe5 Rxd4 29. Nxf7+ Kg8 30. Ng5 Rd5 31. Ne4 Rf5 32. Rc7 Bxc5 33. Rxc6
Be7 34. Rxa6 Rb5 35. Kg2 Kf7 36. h4 Rb2 37. Ng5+ Bxg5 38. hxg5 Rb5 39. Ra7+ Ke6
40. Rxh7 Rxg5 41. Rh4 Ra5 42. a4 Rc5 43. Re4+ Kf5 44. Re3 g5 45. Ra3 Ra5 46. f3
g4 47. fxg4+ Kxg4 48. Kf2 Rf5+ 49. Ke2 Ra5 50. Kd2 Ra6 51. a5 Kh3 52. Kc3 Kxg3
53. Kc4+ Kf4 54. Kb5 Ra8 55. a6 Ke5 56. a7 Kd6 57. Kb6 1-0